[Event "Polanica Zdroj op-D 58th"]
[Site "Polanica Zdroj"]
[Date "2022.08.17"]
[Round "5"]
[White "Szczepanski, Krzysztof"]
[Black "Sleczka, Krzysztof"]
[Result "1/2-1/2"]
[WhiteElo "1790"]
[BlackElo "1443"]
[PlyCount "117"]
[EventDate "2022.08.13"]
[EventType "swiss"]
[EventRounds "9"]
[EventCountry "POL"]
[SourceTitle "CBM 210 Extra"]
[Source "ChessBase"]
[SourceDate "2022.11.30"]
[SourceVersion "1"]
[SourceVersionDate "2022.11.30"]
[SourceQuality "1"]

1. Nf3 d5 2. d4 Nf6 3. c4 e6 4. Nc3 c6 5. e3 Be7 6. Bd3 Nbd7 7. 0-0 dxc4 8. Bxc4 b5 9. Bd3 Bb7 10. a3 a6 11. Bd2 c5 12. Rc1 Rc8 13. Bb1 0-0 14. dxc5 Nxc5 15. Ne2 Nce4 16. Rxc8 Bxc8 17. Qc2 Nxd2 18. Nxd2 Bb7 19. Nc3 g6 20. h3 Qb6 21. Nde4 Rc8 22. Qe2 Rc4 23. Nd2 Rc7 24. Nde4 Rc4 25. Nd2 Rc7 26. Nde4 Nd5 27. Nxd5 Bxd5 28. Re1 Qb7 29. f3 f5 30. Nc3 Bc4 31. Qc2 e5 32. e4 f4 33. Rd1 Bc5+ 34. Kh1 Bd4 35. Qd2 Qc6 36. Ba2 Bxa2 37. Nxa2 Qc2 38. Qxc2 Rxc2 39. Nb4 Rxb2 40. Nxa6 Rb3 41. Nc7 Kf7 42. h4 Ke7 43. Nd5+ Ke6 44. Nxf4+ exf4 45. Rxd4 Rxa3 46. Rb4 Ra5 47. Kh2 h5 48. Kh3 Kd6 49. g3 Kc5 50. Rb1 Ra3 51. Rf1 fxg3 52. Kxg3 b4 53. Kf4 b3 54. Kg5 Ra6 55. Rb1 Kc4 56. f4 Kd4 57. Rxb3 Kxe4 58. Rb2 Kd4 59. Rb1 1/2-1/2

[Event "Goch op 25th"]
[Site "Goch"]
[Date "2014.09.07"]
[Round "7"]
[White "Szczepanski, Krzysztof"]
[Black "Schweisgut, Jens"]
[Result "1-0"]
[WhiteElo "1820"]
[BlackElo "1747"]
[PlyCount "87"]
[EventDate "2014.09.04"]
[EventType "swiss"]
[EventRounds "7"]
[EventCountry "GER"]
[SourceTitle "EXT 2016"]
[Source "ChessBase"]
[SourceDate "2015.10.08"]
[SourceVersion "1"]
[SourceVersionDate "2015.10.08"]
[SourceQuality "1"]

1. e4 c5 2. Nf3 g6 3. d4 cxd4 4. Nxd4 Nc6 5. Be3 Bg7 6. Nxc6 bxc6 7. Bd4 e5 8. Bc5 Bf8 9. Bxf8 Kxf8 10. Bd3 Nf6 11. 0-0 Kg7 12. Nd2 Rb8 13. b3 d5 14. Re1 Re8 15. a4 Bd7 16. a5 Qc7 17. Nf1 Be6 18. Ng3 d4 19. Qd2 h6 20. Rf1 c5 21. a6 c4 22. bxc4 Bxc4 23. Rfb1 Bxd3 24. cxd3 Nd7 25. h3 Rb6 26. Rc1 Qd6 27. Ra5 Nf6 28. Qa2 Re6 29. Ra1 Qb4 30. Ne2 Nd7 31. f4 f6 32. Qa4 Red6 33. Qxb4 Rxb4 34. Rc1 Nb8 35. fxe5 fxe5 36. Rxe5 Rxa6 37. Rd5 Ra3 38. Nxd4 Rxd3 39. Ne6+ Kf7 40. Rxd3 Kxe6 41. Rd8 a5 42. Rcc8 Na6 43. Rc6+ Ke7 44. Ra8 1-0

[Event "Gelsenkirchen Silvester op 1st"]
[Site "Gelsenkirchen"]
[Date "2013.12.29"]
[Round "5"]
[White "Szczepanski, Krzysztof"]
[Black "Knott, Karl Heinz"]
[Result "1-0"]
[WhiteElo "1806"]
[BlackElo "1363"]
[PlyCount "88"]
[EventDate "2013.12.27"]
[EventType "swiss"]
[EventRounds "5"]
[EventCountry "GER"]
[SourceTitle "EXT 2019"]
[Source "ChessBase"]
[SourceDate "2018.10.10"]
[SourceVersion "1"]
[SourceVersionDate "2018.10.10"]
[SourceQuality "1"]

1. e4 c6 2. d4 d5 3. Nc3 dxe4 4. Nxe4 Bf5 5. Nc5 Qb6 6. Bd3 Bxd3 7. Qxd3 e5 8. Qf5 Bxc5 9. dxc5 Qc7 10. Nf3 Nd7 11. 0-0 Ne7 12. Qg5 Ng6 13. Re1 f6 14. Qe3 0-0 15. Qb3+ Kh8 16. Be3 Ne7 17. Rad1 Nd5 18. c4 Nxe3 19. Qxe3 Rad8 20. Rd6 Qa5 21. Red1 Nb8 22. b4 Rxd6 23. cxd6 Qxb4 24. Qxa7 Qxc4 25. d7 Nxd7 26. Qxb7 Nb8 27. h3 Qxa2 28. Rb1 h6 29. Nh4 Kh7 30. Nf5 Qg8 31. Qa7 Rf7 32. Qxb8 Qxb8 33. Rxb8 Rc7 34. Nd6 Kg6 35. Kf1 c5 36. Ke2 Rc6 37. Nc4 Kf5 38. Rb7 g6 39. g3 g5 40. Rg7 h5 41. Rh7 Kg6 42. Rh8 Rc7 43. Ra8 Rc6 44. Ra7 f5 1-0

[Event "Goch op 22nd"]
[Site "Goch"]
[Date "2011.10.02"]
[Round "7"]
[White "Szczepanski, Krzysztof"]
[Black "Koch, Frank"]
[Result "1/2-1/2"]
[WhiteElo "1822"]
[BlackElo "2037"]
[PlyCount "73"]
[EventDate "2011.09.29"]
[EventType "swiss"]
[EventRounds "7"]
[EventCountry "GER"]
[SourceTitle "EXT 2014"]
[Source "ChessBase"]
[SourceDate "2013.11.20"]
[SourceVersion "1"]
[SourceVersionDate "2013.11.20"]
[SourceQuality "1"]

1. e4 e5 2. Nf3 Nc6 3. d4 exd4 4. Nxd4 Nf6 5. Nxc6 bxc6 6. Bd3 d5 7. e5 Ng4 8. Bf4 Bc5 9. 0-0 g5 10. Bg3 h5 11. h3 h4 12. Bh2 Nxh2 13. Kxh2 Bd4 14. c3 Bxe5+ 15. Kg1 Be6 16. Re1 Qf6 17. Qe2 Bd6 18. Nd2 Kd7 19. c4 Qf4 20. Nf3 g4 21. hxg4 Rae8 22. cxd5 Bxg4 23. dxc6+ Kd8 24. Qd2 h3 25. Rxe8+ Rxe8 26. Qxf4 Bxf4 27. Nh2 Bxh2+ 28. Kxh2 hxg2 29. Kxg2 Re5 30. f3 Be6 31. Be4 Ke7 32. Rd1 f5 33. Bb1 Rc5 34. Kg3 Rxc6 35. b3 Kf6 36. Kf4 Rc3 37. Bd3 1/2-1/2

[Event "Goch op 22nd"]
[Site "Goch"]
[Date "2011.09.30"]
[Round "2"]
[White "Edel, Fenja"]
[Black "Szczepanski, Krzysztof"]
[Result "0-1"]
[WhiteElo "1525"]
[BlackElo "1822"]
[PlyCount "108"]
[EventDate "2011.09.29"]
[EventType "swiss"]
[EventRounds "7"]
[EventCountry "GER"]
[SourceTitle "EXT 2014"]
[Source "ChessBase"]
[SourceDate "2013.11.20"]
[SourceVersion "1"]
[SourceVersionDate "2013.11.20"]
[SourceQuality "1"]

1. e4 e5 2. Nc3 Bc5 3. Bc4 Nf6 4. d3 h6 5. f4 d6 6. Nf3 Bg4 7. Na4 Nbd7 8. Nxc5 Nxc5 9. fxe5 dxe5 10. Bxf7+ Ke7 11. Bc4 c6 12. Be3 Na4 13. Qd2 Bxf3 14. Qb4+ Qd6 15. Qxb7+ Nd7 16. gxf3 Rhb8 17. Qa6 Qb4+ 18. Kf2 Nab6 19. Qa3 Qxa3 20. bxa3 Nxc4 21. dxc4 Rb2 22. Rhc1 Nb6 23. Bc5+ Ke6 24. Bb4 Nxc4 25. Ke2 Rd8 26. Ke1 Ne3 27. Rcb1 Rxb1+ 28. Rxb1 Nxc2+ 29. Ke2 Nd4+ 30. Ke3 Rb8 31. Rg1 g5 32. Rc1 Rd8 33. Bc5 a6 34. Bxd4 exd4+ 35. Kd3 Rd6 36. Rc4 Ke5 37. Rc5+ Ke6 38. Ra5 Kd7 39. Rxa6 Rf6 40. Kxd4 Rxf3 41. e5 Rh3 42. Ra7+ Ke6 43. Ra5 Rxh2 44. Rc5 Rh4+ 45. Ke3 h5 46. Rxc6+ Kxe5 47. Rc5+ Kf6 48. Kf3 Rh3+ 49. Ke4 Rh4+ 50. Kf3 Rf4+ 51. Kg3 h4+ 52. Kh3 Ra4 53. Rc3 Kg6 54. Rb3 Kh5 0-1

[Event "Oberhausen op"]
[Site "Oberhausen"]
[Date "2011.04.21"]
[Round "1"]
[White "Podzielny, Karl Heinz"]
[Black "Szczepanski, Krzysztof"]
[Result "1-0"]
[WhiteElo "2455"]
[BlackElo "1818"]
[PlyCount "81"]
[EventDate "2011.04.21"]
[EventType "swiss"]
[EventRounds "7"]
[EventCountry "GER"]
[SourceTitle "CBM 142 Extra"]
[Source "ChessBase"]
[SourceDate "2011.06.27"]
[SourceVersion "1"]
[SourceVersionDate "2011.06.27"]
[SourceQuality "1"]

1. d4 Nf6 2. Nf3 d5 3. c4 e6 4. Nc3 Bb4 5. Bg5 c6 6. Qb3 a5 7. e3 Nbd7 8. Bd3 Qb6 9. 0-0 Bxc3 10. Qxc3 0-0 11. c5 Qd8 12. Qc2 h6 13. Bf4 b5 14. cxb6 Qxb6 15. Bd6 Re8 16. Rac1 Ba6 17. Ne1 Rec8 18. Bxa6 Qxa6 19. Nd3 Ne4 20. Ba3 Qb5 21. f3 Nef6 22. Be7 Ne8 23. Rfd1 Rab8 24. Qd2 Ra8 25. Rc3 Qa6 26. Rdc1 Qb7 27. Ba3 Ra6 28. e4 dxe4 29. fxe4 Nef6 30. Qf4 Qb5 31. Bc5 Raa8 32. Rb3 Qa6 33. Rf1 a4 34. Rc3 Nxc5 35. Nxc5 Qa7 36. Rh3 Qc7 37. e5 Nh7 38. Rg3 Qe7 39. Qxh6 f6 40. exf6 Nxf6 41. Rxf6 1-0

[Event "Goch op 20th"]
[Site "Goch"]
[Date "2009.10.03"]
[Round "5"]
[White "Szczepanski, Krzysztof"]
[Black "Kraft, Ingo"]
[Result "1-0"]
[WhiteElo "1857"]
[BlackElo "1685"]
[PlyCount "81"]
[EventDate "2009.10.01"]
[EventType "swiss"]
[EventRounds "7"]
[EventCountry "GER"]
[SourceTitle "EXT 2011"]
[Source "ChessBase"]
[SourceDate "2010.11.26"]
[SourceVersion "1"]
[SourceVersionDate "2010.11.26"]
[SourceQuality "1"]

1. e4 d6 2. d4 Nf6 3. Nc3 g6 4. Be2 Bg7 5. Be3 c6 6. Qd2 0-0 7. Bh6 Nbd7 8. h4 Qa5 9. Bxg7 Kxg7 10. 0-0-0 h5 11. Nf3 Ng4 12. Bc4 b5 13. Bb3 Nb6 14. Ng5 Nc4 15. Qe2 Ba6 16. f3 Nf6 17. e5 dxe5 18. dxe5 Nh7 19. Qe1 Nxg5 20. hxg5 Rfd8 21. Rxd8 Rxd8 22. f4 b4 23. Na4 Rd4 24. f5 Qxe5 25. Qxe5+ Nxe5 26. Re1 f6 27. Nc5 Bc4 28. Bxc4 Rxc4 29. Ne6+ Kf7 30. gxf6 exf6 31. b3 Rc3 32. Rd1 gxf5 33. Nf4 h4 34. Rd8 Kg7 35. Kd2 Kh6 36. Rh8+ Kg7 37. Rxh4 Ng4 38. Nd3 a5 39. a4 Ne5 40. Nf4 Rg3 41. Nh5+ 1-0

[Event "Goch op 20th"]
[Site "Goch"]
[Date "2009.10.02"]
[Round "2"]
[White "Gholami, Armin"]
[Black "Szczepanski, Krzysztof"]
[Result "0-1"]
[WhiteElo "1250"]
[BlackElo "1857"]
[PlyCount "76"]
[EventDate "2009.10.01"]
[EventType "swiss"]
[EventRounds "7"]
[EventCountry "GER"]
[SourceTitle "EXT 2011"]
[Source "ChessBase"]
[SourceDate "2010.11.26"]
[SourceVersion "1"]
[SourceVersionDate "2010.11.26"]
[SourceQuality "1"]

1. e4 e6 2. d4 d6 3. c4 c6 4. Nc3 Ne7 5. Nf3 Ng6 6. Bd3 Be7 7. Be3 0-0 8. Rc1 Nd7 9. Bb1 e5 10. Qc2 a6 11. a4 a5 12. b3 Nf6 13. h4 Ng4 14. h5 Nxe3 15. fxe3 Nh4 16. Qf2 Nxf3+ 17. gxf3 Bg5 18. f4 Bh6 19. Rg1 exd4 20. exd4 Qf6 21. Ne2 Bd7 22. e5 dxe5 23. dxe5 Qe7 24. c5 f6 25. exf6 Rxf6 26. Rc4 Bf5 27. Ba2 Kf8 28. Rd4 Re8 29. Rd2 Re6 30. Rg2 Re3 31. Rg3 Rxg3 32. Qxg3 Qe4 33. Qf2 Bxf4 34. Rb2 Qh1+ 35. Qf1 Bg3+ 36. Kd2 Qxf1 37. Nxg3 Qd3+ 38. Kc1 Re1# 0-1

[Event "Goch op 20th"]
[Site "Goch"]
[Date "2009.10.02"]
[Round "3"]
[White "Szczepanski, Krzysztof"]
[Black "Glinzk, Michael"]
[Result "1/2-1/2"]
[WhiteElo "1857"]
[BlackElo "2019"]
[PlyCount "74"]
[EventDate "2009.10.01"]
[EventType "swiss"]
[EventRounds "7"]
[EventCountry "GER"]
[SourceTitle "EXT 2011"]
[Source "ChessBase"]
[SourceDate "2010.11.26"]
[SourceVersion "1"]
[SourceVersionDate "2010.11.26"]
[SourceQuality "1"]

1. e4 c5 2. Nf3 e6 3. d4 cxd4 4. Nxd4 Nf6 5. Bd3 Nc6 6. Be3 Be7 7. 0-0 0-0 8. f4 d5 9. Nxc6 bxc6 10. e5 Nd7 11. Qh5 f5 12. g4 g6 13. Qh6 Nc5 14. Bxc5 Bxc5+ 15. Kh1 Rf7 16. g5 Qb6 17. b3 Bf8 18. Qh3 c5 19. c4 Bb7 20. Kg1 dxc4 21. Bxc4 Rd8 22. Nc3 Rd2 23. Rad1 Rg2+ 24. Qxg2 Bxg2 25. Kxg2 Qc6+ 26. Kg3 Rd7 27. Rxd7 Qxd7 28. Rd1 Qc8 29. Nb5 Qc6 30. Nd6 Qd7 31. Rd3 Be7 32. Nxf5 Qxd3+ 33. Bxd3 exf5 34. Kf3 Bd8 35. Bc4+ Kf8 36. e6 Ke7 37. h4 Ba5 1/2-1/2

[Event "Goch op 20th"]
[Site "Goch"]
[Date "2009.10.01"]
[Round "1"]
[White "Szczepanski, Krzysztof"]
[Black "Pohle, Dirk"]
[Result "0-1"]
[WhiteElo "1857"]
[BlackElo "2206"]
[PlyCount "42"]
[EventDate "2009.10.01"]
[EventType "swiss"]
[EventRounds "7"]
[EventCountry "GER"]
[SourceTitle "EXT 2011"]
[Source "ChessBase"]
[SourceDate "2010.11.26"]
[SourceVersion "1"]
[SourceVersionDate "2010.11.26"]
[SourceQuality "1"]

1. d4 c5 2. e3 e6 3. c4 Nf6 4. Nc3 Be7 5. Be2 0-0 6. Nf3 d5 7. b3 cxd4 8. Nxd4 e5 9. Nc2 dxc4 10. Qxd8 Rxd8 11. Bxc4 Bf5 12. e4 Nxe4 13. Nd5 Bd6 14. Nce3 Be6 15. 0-0 Nc6 16. Bb2 Bc5 17. Rfe1 Rac8 18. Rad1 b5 19. Bf1 Bxd5 20. Rxd5 Rxd5 21. Ng4 f5 0-1

[Event "Niederrhein-ch"]
[Site "Moers"]
[Date "2009.04.11"]
[Round "9"]
[White "Szczepanski, Krzysztof"]
[Black "Mursaniow, Joerg"]
[Result "1/2-1/2"]
[WhiteElo "1718"]
[BlackElo "1922"]
[PlyCount "37"]
[EventDate "2009.04.03"]
[EventType "swiss"]
[EventRounds "9"]
[EventCountry "GER"]
[SourceTitle "EXT 2010"]
[Source "ChessBase"]
[SourceDate "2010.11.25"]
[SourceVersion "1"]
[SourceVersionDate "2010.11.25"]
[SourceQuality "1"]

1. d4 d5 2. c4 c6 3. e3 Nf6 4. Nc3 g6 5. Nf3 Bg7 6. Be2 0-0 7. 0-0 Nbd7 8. cxd5 cxd5 9. a4 a6 10. b4 b6 11. Qb3 Bb7 12. Ba3 Re8 13. b5 a5 14. Rfd1 e6 15. Rac1 Bf8 16. Bxf8 Rxf8 17. Qa3 Rc8 18. Qd6 Qc7 19. Ne4 1/2-1/2

[Event "Niederrhein-ch"]
[Site "Moers"]
[Date "2009.04.05"]
[Round "3"]
[White "Zahn, Richard"]
[Black "Szczepanski, Krzysztof"]
[Result "1-0"]
[WhiteElo "1966"]
[BlackElo "1718"]
[PlyCount "93"]
[EventDate "2009.04.03"]
[EventType "swiss"]
[EventRounds "9"]
[EventCountry "GER"]
[SourceTitle "EXT 2010"]
[Source "ChessBase"]
[SourceDate "2010.11.25"]
[SourceVersion "1"]
[SourceVersionDate "2010.11.25"]
[SourceQuality "1"]

1. e4 e5 2. Nf3 Nc6 3. Nc3 Nf6 4. a3 d6 5. d4 Bg4 6. d5 Nd4 7. Be2 Nxe2 8. Qxe2 Qd7 9. h3 Bxf3 10. Qxf3 Be7 11. Qe2 h6 12. Be3 a6 13. 0-0 Nh7 14. f4 Bf6 15. f5 Qe7 16. Nd1 Ng5 17. Qd3 Qd7 18. c4 b6 19. b4 0-0 20. Nc3 Rfb8 21. Ra2 Qe7 22. Rfa1 Qd8 23. a4 a5 24. Bxg5 Bxg5 25. b5 Bf4 26. g3 Qg5 27. Kh2 Bc1 28. Re2 h5 29. Na2 Bf4 30. Rg1 Qh6 31. gxf4 exf4 32. Reg2 Kh8 33. Qf3 Rg8 34. Rg5 g6 35. f6 Rge8 36. Nc3 Re5 37. Qxf4 Rae8 38. h4 Kh7 39. R1g3 Qf8 40. Re3 Qh6 41. Ne2 Qf8 42. Nd4 Rxg5 43. hxg5 Re5 44. Nc6 Re8 45. Ne7 Rxe7 46. fxe7 Qxe7 47. e5 1-0

[Event "Niederrhein-ch"]
[Site "Moers"]
[Date "2009.04.04"]
[Round "2"]
[White "Szczepanski, Krzysztof"]
[Black "Sponheim, Marko"]
[Result "0-1"]
[WhiteElo "1718"]
[BlackElo "2022"]
[PlyCount "88"]
[EventDate "2009.04.03"]
[EventType "swiss"]
[EventRounds "9"]
[EventCountry "GER"]
[SourceTitle "EXT 2010"]
[Source "ChessBase"]
[SourceDate "2010.11.25"]
[SourceVersion "1"]
[SourceVersionDate "2010.11.25"]
[SourceQuality "1"]

1. d4 Nf6 2. Nf3 c5 3. e3 g6 4. Nc3 Bg7 5. d5 0-0 6. Be2 d6 7. e4 b5 8. Bxb5 Nxe4 9. Nxe4 Qa5+ 10. Nc3 Bxc3+ 11. bxc3 Qxb5 12. Bg5 Re8 13. Qd3 Qa4 14. c4 Ba6 15. Nd2 Nd7 16. f4 Nb6 17. Qb3 Qa5 18. f5 Bxc4 19. Qb2 f6 20. fxg6 hxg6 21. Kf2 Bxd5 22. c4 Nxc4 23. Nxc4 Bxc4 24. Qc2 Bf7 25. Bd2 Qa6 26. h4 Qc4 27. Bc3 Kg7 28. Rh3 Bd5 29. Kg1 Rh8 30. Rg3 Qe4 31. Qd2 Rae8 32. Re1 Qc4 33. Qc2 Bf7 34. Rge3 e5 35. g3 d5 36. Rxe5 Rxe5 37. Rxe5 d4 38. Re7 dxc3 39. Re4 Qxa2 40. Qxc3 Qb1+ 41. Re1 Qb4 42. Qa1 Qd4+ 43. Qxd4 cxd4 44. Re7 Rd8 0-1

[Event "Niederrhein-ch"]
[Site "Moers"]
[Date "2009.04.03"]
[Round "1"]
[White "Brueggemann, Juergen"]
[Black "Szczepanski, Krzysztof"]
[Result "1/2-1/2"]
[WhiteElo "1987"]
[BlackElo "1718"]
[PlyCount "60"]
[EventDate "2009.04.03"]
[EventType "swiss"]
[EventRounds "9"]
[EventCountry "GER"]
[SourceTitle "EXT 2010"]
[Source "ChessBase"]
[SourceDate "2010.11.25"]
[SourceVersion "1"]
[SourceVersionDate "2010.11.25"]
[SourceQuality "1"]

1. d4 e6 2. Nf3 d6 3. c4 Ne7 4. Nc3 c6 5. e4 Ng6 6. Be3 Be7 7. Bd3 0-0 8. 0-0 Nd7 9. Rc1 e5 10. Bb1 a6 11. Ne2 Nf6 12. h3 Bd7 13. Ng3 Qc7 14. Qc2 Bd8 15. Rfd1 Rc8 16. c5 dxc5 17. dxe5 Nxe5 18. Nxe5 Qxe5 19. Bxc5 Re8 20. Bd6 Qg5 21. e5 Rxe5 22. Bxe5 Qxe5 23. Re1 Qf4 24. Re3 Be6 25. Rd1 Bc7 26. Qe2 Rb8 27. Rf3 Qb4 28. a3 Qa4 29. Qd3 Qh4 30. Qd2 Kf8 1/2-1/2

[Event "Goch op 19th"]
[Site "Goch"]
[Date "2008.10.12"]
[Round "7"]
[White "Szczepanski, Krzysztof"]
[Black "Markgraf, Jonas"]
[Result "0-1"]
[WhiteElo "1871"]
[BlackElo "2086"]
[PlyCount "40"]
[EventDate "2008.10.09"]
[EventType "swiss"]
[EventRounds "7"]
[EventCountry "GER"]
[SourceTitle "EXT 2011"]
[Source "ChessBase"]
[SourceDate "2010.11.26"]
[SourceVersion "1"]
[SourceVersionDate "2010.11.26"]
[SourceQuality "1"]

1. d4 Nf6 2. c4 g6 3. Nc3 Bg7 4. e4 d6 5. Be2 0-0 6. Nf3 e5 7. dxe5 dxe5 8. Qxd8 Rxd8 9. Bg5 Na6 10. Nd5 Nxd5 11. Bxd8 Nf4 12. Bf1 Be6 13. Bg5 Nb4 14. Rb1 Nbd3+ 15. Bxd3 Nxd3+ 16. Ke2 Bxc4 17. Ke3 f6 18. Bh4 Bh6+ 19. Ke2 Rd8 20. Bxf6 Nf4+ 0-1

[Event "Goch op 18th"]
[Site "Goch"]
[Date "2007.10.07"]
[Round "7"]
[White "Szczepanski, Krzysztof"]
[Black "Backes, Juergen"]
[Result "1-0"]
[WhiteElo "1763"]
[BlackElo "1563"]
[PlyCount "105"]
[EventDate "2007.10.04"]
[EventType "swiss"]
[EventRounds "7"]
[EventCountry "GER"]
[SourceTitle "EXT 2011"]
[Source "ChessBase"]
[SourceDate "2010.11.26"]
[SourceVersion "1"]
[SourceVersionDate "2010.11.26"]
[SourceQuality "1"]

1. e4 e6 2. Nf3 c5 3. d4 cxd4 4. Nxd4 a6 5. Nc3 Nc6 6. Be3 Bb4 7. Nxc6 bxc6 8. Qd4 Bxc3+ 9. Qxc3 Nf6 10. Bg5 h6 11. Bh4 g5 12. Bg3 Rg8 13. Bd3 Bb7 14. 0-0-0 Qe7 15. f3 a5 16. a3 d5 17. Be5 Nd7 18. exd5 cxd5 19. Bh7 f6 20. Bxg8 fxe5 21. Qd3 Nf6 22. Qb5+ Qd7 23. Qxd7+ Kxd7 24. Bf7 Ke7 25. Bg6 e4 26. fxe4 Rg8 27. e5 Ng4 28. Bd3 Nf2 29. Rhf1 Nxd1 30. Kxd1 Rf8 31. Rxf8 Kxf8 32. g3 d4 33. Kd2 Ke7 34. c3 dxc3+ 35. Kxc3 Bd5 36. Kd4 Kd7 37. Be4 Bb3 38. Kc5 Kc7 39. Kb5 a4 40. Kc5 h5 41. Bc6 h4 42. gxh4 gxh4 43. Bb5 Bc2 44. Kb4 Kb6 45. Bxa4 Be4 46. Bd7 Bd5 47. a4 Kc7 48. Be8 Kb6 49. a5+ Ka7 50. Bb5 Kb7 51. Kc5 Kc7 52. b4 Kb7 53. Bc4 1-0

[Event "Niederrhein-ch"]
[Site "Krefeld"]
[Date "2007.04.03"]
[Round "5"]
[White "Szczepanski, Krzysztof"]
[Black "Meinert, Thomas"]
[Result "0-1"]
[WhiteElo "1689"]
[BlackElo "1884"]
[PlyCount "68"]
[EventDate "2007.03.30"]
[EventType "swiss"]
[EventRounds "9"]
[EventCountry "GER"]
[SourceTitle "EXT 2010"]
[Source "ChessBase"]
[SourceDate "2010.11.25"]
[SourceVersion "1"]
[SourceVersionDate "2010.11.25"]
[SourceQuality "1"]

1. e4 c5 2. Nf3 Nc6 3. d4 cxd4 4. Nxd4 e5 5. Nxc6 bxc6 6. Bd3 Nf6 7. 0-0 Be7 8. b3 0-0 9. Bg5 d5 10. Nd2 h6 11. Bh4 Bg4 12. f3 Be6 13. Rb1 g5 14. Bf2 Nd7 15. exd5 cxd5 16. Qe2 f5 17. Bb5 Bf6 18. c4 Nb6 19. Rfd1 d4 20. c5 Nd5 21. Bc4 Re8 22. Bxd5 Bxd5 23. Qd3 e4 24. fxe4 fxe4 25. Qh3 e3 26. Bxe3 dxe3 27. Nf3 e2 28. Rd3 Qe7 29. b4 Bxf3 30. Re1 Bd4+ 31. Kh1 Bf2 32. Qxh6 Qg7 33. Qh3 Bxe1 34. Qxf3 Bh4 0-1

[Event "Niederrhein-ch"]
[Site "Krefeld"]
[Date "2007.03.31"]
[Round "2"]
[White "Szczepanski, Krzysztof"]
[Black "Schott, Detlef"]
[Result "0-1"]
[WhiteElo "1689"]
[BlackElo "1865"]
[PlyCount "68"]
[EventDate "2007.03.30"]
[EventType "swiss"]
[EventRounds "9"]
[EventCountry "GER"]
[SourceTitle "EXT 2010"]
[Source "ChessBase"]
[SourceDate "2010.11.25"]
[SourceVersion "1"]
[SourceVersionDate "2010.11.25"]
[SourceQuality "1"]

1. e4 a6 2. d4 b5 3. Be2 Bb7 4. Bf3 e6 5. Be3 d6 6. e5 Bxf3 7. Nxf3 d5 8. 0-0 Nd7 9. Nbd2 Ne7 10. Bg5 h6 11. Bh4 Qc8 12. Bxe7 Bxe7 13. h3 c5 14. c3 a5 15. Rc1 c4 16. Re1 Ra7 17. Rc2 0-0 18. Nh2 b4 19. Re3 a4 20. Rc1 Qb8 21. Rb1 Rb7 22. Qxa4 Bg5 23. Qd1 Bxe3 24. fxe3 bxc3 25. bxc3 Rxb1 26. Nxb1 Qb2 27. Nf1 Qxa2 28. Nfd2 Rb8 29. Qg4 Rxb1+ 30. Nxb1 Qxb1+ 31. Kh2 Qd3 32. Qh4 Qxc3 33. Qd8+ Nf8 34. Qh4 Qxe3 0-1

[Event "Duisburg Grossenbaum op"]
[Site "Duisburg"]
[Date "2006.06.03"]
[Round "3"]
[White "Bender, Andreas"]
[Black "Szczepanski, Krzysztof"]
[Result "0-1"]
[WhiteElo "1420"]
[BlackElo "1708"]
[PlyCount "162"]
[EventDate "2006.06.02"]
[EventType "swiss"]
[EventRounds "7"]
[EventCountry "GER"]
[SourceTitle "EXT 2007"]
[Source "ChessBase"]
[SourceDate "2006.11.23"]
[SourceVersion "1"]
[SourceVersionDate "2006.11.23"]
[SourceQuality "1"]

1. e4 e6 2. d4 d6 3. Nc3 Ne7 4. Nf3 Ng6 5. Bc4 Be7 6. 0-0 c6 7. Re1 d5 8. exd5 exd5 9. Bd3 0-0 10. Qe2 Bd6 11. Nd1 Qc7 12. Ne3 Re8 13. Qd1 Bf4 14. c3 Nd7 15. Ng4 Rxe1+ 16. Qxe1 Ndf8 17. Bxf4 Qxf4 18. Nge5 Nxe5 19. Nxe5 f6 20. Nf3 Bg4 21. Be2 Re8 22. Qf1 Ng6 23. h3 Bxf3 24. Bxf3 Qd2 25. Qc1 Qd3 26. Qd1 Qb5 27. Qc2 Nf4 28. b4 Qc4 29. a3 Ne2+ 30. Bxe2 Rxe2 31. Qf5 Qxc3 32. Qc8+ Kf7 33. Rf1 Re7 34. Qf5 h6 35. b5 Qxd4 36. bxc6 bxc6 37. Qc2 Qb6 38. Rc1 Qa6 39. Qxc6 Qxc6 40. Rxc6 Rd7 41. Kf1 Ke7 42. Ke2 Rb7 43. a4 Kd7 44. Ra6 Kc7 45. Kd3 Kb8 46. Rd6 Rb3+ 47. Ke2 Ra3 48. Rxd5 Rxa4 49. Rd8+ Kc7 50. Rg8 g5 51. Rg6 Re4+ 52. Kf1 Re6 53. Rxh6 a5 54. Rh7+ Kb6 55. Rd7 a4 56. Rd2 Kb5 57. Rd4 a3 58. Rd5+ Kb4 59. Rd4+ Kc3 60. Ra4 Kb3 61. Ra8 Rb6 62. Re8 a2 63. Re3+ Kc4 64. Ra3 Rb1+ 65. Ke2 a1Q 66. Rxa1 Rxa1 67. Kf3 Kd5 68. Kg4 Ke6 69. h4 Ra4+ 70. Kg3 Rxh4 71. f3 f5 72. Kf2 f4 73. g4 Rh3 74. Kg2 Rg3+ 75. Kf2 Ke5 76. Ke2 Rg2+ 77. Kf1 Rb2 78. Ke1 Kd4 79. Kd1 Kd3 80. Kc1 Rf2 81. Kb1 Kc3 0-1

[Event "Duisburg Grossenbaum op"]
[Site "Duisburg"]
[Date "2006.06.03"]
[Round "2"]
[White "Szczepanski, Krzysztof"]
[Black "Drzasga, Michael"]
[Result "0-1"]
[WhiteElo "1708"]
[BlackElo "2062"]
[PlyCount "132"]
[EventDate "2006.06.02"]
[EventType "swiss"]
[EventRounds "7"]
[EventCountry "GER"]
[SourceTitle "EXT 2007"]
[Source "ChessBase"]
[SourceDate "2006.11.23"]
[SourceVersion "1"]
[SourceVersionDate "2006.11.23"]
[SourceQuality "1"]

1. e4 d5 2. exd5 Qxd5 3. Nc3 Qd6 4. d3 Nf6 5. h3 a6 6. Be2 e5 7. Bf3 Be7 8. Nge2 0-0 9. Ng3 c5 10. Bg5 Ra7 11. Bxf6 Qxf6 12. Nd5 Qe6 13. c4 Bd8 14. 0-0 Nc6 15. Ne4 b6 16. Re1 Kh8 17. Nec3 Nd4 18. Nf4 Nxf3+ 19. Qxf3 Qf5 20. Nfd5 Qxf3 21. gxf3 f6 22. h4 Be6 23. Kg2 Bf7 24. Rh1 Rd7 25. a4 Bc7 26. Kf1 Rb8 27. Ke2 Bd8 28. h5 b5 29. h6 g5 30. Ne3 bxc4 31. dxc4 Rxb2+ 32. Kf1 Kg8 33. Ned5 Bg6 34. Rd1 Kf7 35. Kg2 f5 36. Rhe1 Ke6 37. f4 e4 38. Kg3 Bh5 39. Rb1 Rdb7 40. Rbc1 Bf3 41. Re3 Rd7 42. Rxf3 exf3 43. Re1+ Kd6 44. fxg5 Bxg5 45. Kxf3 Bxh6 46. Rh1 Bg5 47. Ne3 Ke6 48. a5 Rbd2 49. Ned1 R7d3+ 50. Kg2 Rd4 51. Re1+ Kd6 52. Re8 Rxd1 53. Nxd1 Rxd1 54. Ra8 Ra1 55. Rxa6+ Ke5 56. Ra8 Kd4 57. a6 Kxc4 58. a7 h6 59. Kf3 Ra3+ 60. Ke2 f4 61. f3 Ra2+ 62. Kd1 Kd3 63. Kc1 Bf6 64. Rb8 Rxa7 65. Rb3+ Bc3 66. Kb1 Ra1# 0-1

[Event "Duisburg Grossenbaum op"]
[Site "Duisburg"]
[Date "2006.06.02"]
[Round "1"]
[White "Soehnchen, Andreas"]
[Black "Szczepanski, Krzysztof"]
[Result "1-0"]
[WhiteElo "2108"]
[BlackElo "1708"]
[PlyCount "45"]
[EventDate "2006.06.02"]
[EventType "swiss"]
[EventRounds "7"]
[EventCountry "GER"]
[SourceTitle "EXT 2007"]
[Source "ChessBase"]
[SourceDate "2006.11.23"]
[SourceVersion "1"]
[SourceVersionDate "2006.11.23"]
[SourceQuality "1"]

1. d4 e6 2. Nf3 d6 3. e4 Ne7 4. Be3 Ng6 5. Bd3 Be7 6. c4 0-0 7. Nc3 c6 8. h4 Nd7 9. Qe2 e5 10. h5 Nh4 11. Nxh4 Bxh4 12. g3 Bg5 13. f4 exf4 14. gxf4 Bh6 15. 0-0-0 a6 16. e5 dxe5 17. dxe5 Qa5 18. Kb1 Nc5 19. Bxc5 Qxc5 20. Qe4 g6 21. hxg6 hxg6 22. Rxh6 Kg7 23. Rxg6+ 1-0